Soulful living : (Record no. 4079)

MARC details
000 -LEADER
fixed length control field 00687 a2200205 4500
010 ## - LCCN (DPL NO)
LC control number ENG-86068
020 ## - INTERNATIONAL STANDARD BOOK NUMBER
International Standard Book Number 8187671580
035 ## - SYSTEM CONTROL NUMBER
System control number EN-69601
037 ## - SOURCE OF ACQUISITION
Source of stock number/acquisition DBAD / PUB
082 14 - DEWEY DECIMAL CLASSIFICATION NUMBER
Classification number 291.4
245 1# - TITLE STATEMENT
Title Soulful living :
Remainder of title the process of personal transformation /
Statement of responsibility, etc edited by Rick Nurrie Stearns, Mary Nurrie Stearns and Melissa West
260 ## - PUBLICATION, DISTRIBUTION, ETC. (IMPRINT)
Place of publication, distribution, etc Chennai
Name of publisher, distributor, etc Westland Books
Date of publication, distribution, etc 2006
270 ## - ADDRESS
Address New No. 571, P.H.Road, Aminjikarai
City Chennai
State or province Tamil Nadu
Postal code 600 029
300 ## - PHYSICAL DESCRIPTION
Extent xv, 391p.
Dimensions 21 cm (pbk)
500 ## - GENERAL NOTE
General note Includes index
700 ## - ADDED ENTRY--PERSONAL NAME
Personal name Nurrie Stearns, Rick
700 ## - ADDED ENTRY--PERSONAL NAME
Personal name Nurrie Stearns, Mary
700 ## - ADDED ENTRY--PERSONAL NAME
Personal name West, Melissa
942 ## - ADDED ENTRY ELEMENTS (KOHA)
Institution code [OBSOLETE] dpl
Item type English Books
Source of classification or shelving scheme Dewey Decimal Classification
Classification part 291.4
Call number suffix SOU
Holdings
Withdrawn status Lost status Not for loan Collection code Home library Current library Date acquired Source of acquisition Full call number Barcode Copy number Cost, replacement price Koha item type
    Not For Loan Non-fiction D.B.Act.Division D.B.Act.Division   DBAD/PUB 291.4 SOU EN-69601 1 20.00 English Books

© Delhi Public Library
Hit Counter
free hit counter